Výročná správa 1998 Burza cenných papierov

Saved in:
Bibliographic Details
Format: Book
Language:Slovak
English
Published: Bratislava Burza cenných papierov v Bratislave [1999]
Subjects:
Tags: Add Tag
No Tags, Be the first to tag this record!

MARC

LEADER 00000nam a2200000 4500
001 c123967
005 20240104101045.3
041 0 |a slo 
041 0 |a eng 
044 |a SK 
245 1 0 |a Výročná správa 1998  |b Burza cenných papierov 
264 1 |a Bratislava  |b Burza cenných papierov v Bratislave  |c [1999] 
300 |a 28 s. 
610 2 0 |a burzy 
610 2 0 |a audit 
610 2 0 |a rady dozorné 
610 2 0 |a papiere cenné 
610 2 0 |a obchody burzové 
610 2 0 |a akcie 
610 2 0 |a akcionári